| LEADER | 00606cam a2200145 7i4500 | ||
|---|---|---|---|
| 001 | 0000022532 | ||
| 005 | 20090413090000.0 | ||
| 020 | 0 | 0 | |a 978-7-80180-962-9 |
| 090 | 0 | 0 | |a T 382.7 |b CUS (CHIN) |
| 245 | 2 | 0 | |a Customs import and export tariff of the People's Republic of China 2008 : |b decade coding of HS, detailed customs duties levied on commision basis : |b decade coding of HS, detailed customs duties levied on commision basis : |b 2009. |
| 260 | 0 | 0 | |a [S.l]: |b Economic Daily Press, |c 2009. |
| 300 | # | # | |a 1297 p. |
| 650 | 0 | 0 | |a Tariff -- |z China |
| 651 | 0 | 0 | |a China |
| 999 | |a 0000023813 |b Book |c Tariffs |e Business Information Centre | ||


